Statystyki dla Jakiego państwa to stolica?

Kliknij tutaj aby rozwiązać quiz!

Ogólne statystyki

  • Ten quiz został rozwiązany 224 razy
  • Średni wynik to 10 z 20

Statystyki odpowiedzi

StolicaPaństwo% Poprawnych
TiranaAlbania
100%
AlgierAlgieria
100%
CanberraAustralia
100%
WiedeńAustria
100%
BakuAzerbejdżan
100%
NassauBahamy
100%
BrukselaBelgia
100%
ThimphuBhutan
100%
La PazBoliwia
100%
GaboroneBotswana
100%
SofiaBułgaria
100%
NikozjaCypr
100%
PodgoricaCzarnogóra
100%
PragaCzechy
100%
KinszasaDemokratyczna Republika Konga
100%
KairEgipt
100%
QuitoEkwador
100%
TallinnEstonia
100%
ParyżFrancja
100%
GwatemalaGwatemala
100%
MadrytHiszpania
100%
BagdadIrak
100%
DublinIrlandia
100%
JerozolimaIzrael
100%
TokioJaponia
100%
Phnom PenhKambodża
100%
OttawaKanada
100%
DohaKatar
100%
AstanaKazachstan
100%
NairobiKenia
100%
SeulKorea Południowa
100%
PrisztinaKosowo
100%
KuwejtKuwejt
100%
MaseruLesotho
100%
WilnoLitwa
100%
RabatMaroko
100%
MeksykMeksyk
100%
KiszyniówMołdawia
100%
JarenNauru
100%
KatmanduNepal
100%
BerlinNiemcy
100%
Port MoresbyPapua-Nowa Gwinea
100%
PretoriaRepublika Południowej Afryki
100%
MoskwaRosja
100%
BukaresztRumunia
100%
SingapurSingapur
100%
WaszyngtonStany Zjednoczone
100%
SztokholmSzwecja
100%
BangkokTajlandia
100%
TajpejTajwan
100%
LoméTogo
100%
AnkaraTurcja
100%
MontevideoUrugwaj
100%
WatykanWatykan
100%
BudapesztWęgry
100%
LondynWielka Brytania
100%
RzymWłochy
100%
Abu ZabiZjednoczone Emiraty Arabskie
100%
AmsterdamHolandia
75%
Nowe DelhiIndie
75%
San MarinoSan Marino
75%
DamaszekSyria
75%
BelgradSerbia
67%
BernoSzwajcaria
67%
‎ReykjavíkIslandia
60%
Bandar Seri BegawanBrunei
50%
PekinChiny
50%
TbilisiGruzja
50%
TegucigalpaHonduras
50%
DżakartaIndonezja
50%
PjongjangKorea Północna
50%
RygaŁotwa
50%
San SalvadorSalwador
50%
VictoriaSeszele
50%
CaracasWenezuela
50%
HarareZimbabwe
50%
LibrevilleGabon
40%
Santo DomingoDominikana
33%
BandżulGambia
33%
MonroviaLiberia
33%
MaskatOman
33%
BasseterreSaint KItts i Nevis
33%
KabulAfganistan
0%
AndoraAndora
0%
LuandaAngola
0%
Saint John'sAntigua i Barbuda
0%
RijadArabia Saudyjska
0%
Buenos AiresArgentyna
0%
ErywańArmenia
0%
ManamaBahrajn
0%
DhakaBangladesz
0%
BridgetownBarbados
0%
BelmopanBelize
0%
Porto-NovoBenin
0%
MińskBiałoruś
0%
SarajewoBośnia i Hercegowina
0%
‎BrasíliaBrazylia
0%
WagaduguBurkina Faso
0%
GitegaBurundi
0%
NdżamenaChad
0%
SantiagoChile
0%
ZagrzebChorwacja
0%
KopenhagaDania
0%
RoseauDominika
0%
DżibutiDżibuti
0%
AsmaraErytrea
0%
MbabaneEswatini
0%
Addis AbebaEtiopia
0%
SuvaFidżi
0%
ManilaFilipiny
0%
HelsinkiFinlandia
0%
AkraGhana
0%
AtenyGrecja
0%
Saint George'sGrenada
0%
GeorgetownGujana
0%
KonakryGwinea
0%
BissauGwinea Bissau
0%
MalaboGwinea Równikowa
0%
Port-au-PrinceHaiti
0%
TeheranIran
0%
KingstonJamajka
0%
SanaJemen
0%
AmmanJordania
0%
JaundeKamerun
0%
BiszkekKirgistan
0%
TarawaKiribati
0%
BogotaKolumbia
0%
MoroniKomory
0%
BrazzavileKongo
0%
San JoséKostaryka
0%
HawanaKuba
0%
WientianLaos
0%
BejrutLiban
0%
TrypolisLibia
0%
VaduzLichtenstein
0%
LuksemburgLuksemburg
0%
SkopjeMacedonia Północna
0%
AntananarywaMadagaskar
0%
LilongweMalawi
0%
MaleMalediwy
0%
Kuala LumpurMalezja
0%
BamakoMali
0%
ValettaMalta
0%
NawakszutMauretania
0%
Port LouisMauritius
0%
PalikirMikronezja
0%
NaypyidawMjanma
0%
MonakoMonako
0%
Ułan BatorMongolia
0%
MaputoMozambik
0%
WindhukNamibia
0%
NiameyNiger
0%
AbudżaNigeria
0%
ManaguaNikaragua
0%
OsloNorwegia
0%
WellingtonNowa Zelandia
0%
IslamabadPakistan
0%
NgerulmudPalau
0%
PanamaPanama
0%
AsunciónParagwaj
0%
LimaPeru
0%
WarszawaPolska
0%
LizbonaPortugalia
0%
BangiRepublika Środkowoafrykańska
0%
PraiaRepublika Zielonego Przylądka
0%
KigaliRwanda
0%
CastriesSaint Lucia
0%
KingstownSaint Vincent i Grenadyny
0%
ApiaSamoa
0%
DakarSenegal
0%
FreetownSierra Leone
0%
BratysławaSłowacja
0%
LublanaSłowenia
0%
MogadiszuSomalia
0%
Sri Dźajawardanapura KotteSri Lanka
0%
ChartumSudan
0%
DżubaSudan Południowy
0%
ParamariboSurinam
0%
DuszanbeTadżykistan
0%
DodomaTanzania
0%
DiliTimor Wschodni
0%
Nuku'alofaTonga
0%
Port-of-SpainTrynidad i Tobago
0%
TunisTunezja
0%
AszchabadTurkmenistan
0%
VaiakuTuvalu
0%
KampalaUganda
0%
KijówUkraina
0%
TaszkentUzbekistan
0%
Port VilaVanuatu
0%
HanoiWietnam
0%
JamusukroWybrzeże Kości Słoniowej
0%
MajuroWyspy Marshalla
0%
HoniaraWyspy Salomona
0%
São ToméWyspy Świętego Tomasza i Książęca
0%
LusakaZambia
0%

Rozkład punktacji

Percentyl według liczby udzielonych odpowiedzi

Procent ludzi z każdym wynikiem

Twoja historia wyników

Nie rozwiązałeś tego quizu